Process systems analysis and control (Record no. 13575)

000 -LEADER
fixed length control field 00578nam a22002051 4500
001 - CONTROL NUMBER
control field 13575
003 - CONTROL NUMBER IDENTIFIER
control field BD-DhUET
008 - FIXED-LENGTH DATA ELEMENTS--GENERAL INFORMATION
fixed length control field 730306s1965 nyua b 000 0 eng
040 ## - CATALOGING SOURCE
Original cataloging agency DLC
Transcribing agency DLC
Modifying agency BD-DhUET
082 ## - DEWEY DECIMAL CLASSIFICATION NUMBER
Classification number 660.284
Item number COU/1965
100 1# - MAIN ENTRY--PERSONAL NAME
Personal name Coughanowr, Donald R.
245 10 - TITLE STATEMENT
Title Process systems analysis and control
250 ## - EDITION STATEMENT
Edition statement 1st ed.
260 ## - PUBLICATION, DISTRIBUTION, ETC. (IMPRINT)
Place of publication, distribution, etc. New York
Name of publisher, distributor, etc. McGraw-Hill
Date of publication, distribution, etc. 1965
300 ## - PHYSICAL DESCRIPTION
Extent xii, 491 p.
Other physical details ill.
Dimensions 21 cm.
490 ## - SERIES STATEMENT
Series statement McGraw-Hill chemical engineering series
650 #0 - SUBJECT ADDED ENTRY--TOPICAL TERM
Topical term or geographic name as entry element Control devices process engineering
700 ## - ADDED ENTRY--PERSONAL NAME
Personal name Koppel, Lowell B.
942 ## - ADDED ENTRY ELEMENTS (KOHA)
Koha item type General Book
Holdings
Koha issues (times borrowed) Date acquired Koha date last seen Location (home branch) Copy number Sublocation or collection (holding branch) Koha full call number Koha item type Price effective from Source of classification or shelving scheme Koha date last borrowed Damaged status Koha normalized classification for sorting Withdrawn status Not for loan Shelving location Lost status Piece designation (barcode)
 2015-03-032015-03-03Central Library, BUET1Central Library, BUET660.284/COU/1965General Book2015-03-03   660_284000000000000_COU_1965  Circulation section 29699
12015-03-032017-05-09Central Library, BUET2Central Library, BUET660.284/COU/1965General Book2015-03-03 2017-05-09 660_284000000000000_COU_1965  Circulation section 29689
 2015-03-032015-03-03Central Library, BUET3Central Library, BUET660.284/COU/1965General Book2015-03-03   660_284000000000000_COU_1965  Circulation section 29697
 2015-03-032015-03-03Central Library, BUET4Central Library, BUET660.284/COU/1965General Book2015-03-03   660_284000000000000_COU_1965  Circulation section 29692
 2015-03-032015-03-03Central Library, BUET5Central Library, BUET660.284/COU/1965General Book2015-03-03   660_284000000000000_COU_1965  Circulation section 29698
 2015-03-032015-03-03Central Library, BUET6Central Library, BUET660.284/COU/1965General Book2015-03-03   660_284000000000000_COU_1965  Circulation section 29690
 2015-03-032015-03-03Central Library, BUET7Central Library, BUET660.284/COU/1965General Book2015-03-03   660_284000000000000_COU_1965  Cataloging to Circulation 29688
 2015-03-042015-03-04Central Library, BUET8Central Library, BUET660.284/COU/1965General Book2015-03-04   660_284000000000000_COU_1965  Circulation section 34519
 2015-05-112015-05-11Central Library, BUET9Central Library, BUET660.284/COU/1965General Book2015-05-11   660_284000000000000_COU_1965  Circulation section 29694
 2015-05-112015-05-11Central Library, BUET10Central Library, BUET660.284/COU/1965General Book2015-05-11   660_284000000000000_COU_1965  Circulation section 29696
 2015-05-132015-05-13Central Library, BUET11Central Library, BUET660.284/COU/1965General Book2015-05-13   660_284000000000000_COU_1965  Circulation section 29695
 2015-05-142015-05-14Central Library, BUET12Central Library, BUET660.284/COU/1965General Book2015-05-14   660_284000000000000_COU_1965  Circulation section 17869
 2015-05-182015-05-18Central Library, BUET13Central Library, BUET660.284/COU/1965General Book2015-05-18   660_284000000000000_COU_1965  Circulation section 15822
 2015-06-202015-06-20Central Library, BUET14Central Library, BUET660.284/COU/1965General Book2015-06-20   660_284000000000000_COU_1965  Reading section 29700
 2015-06-202015-06-20Central Library, BUET15Central Library, BUET660.284/COU/1965General Book2015-06-20   660_284000000000000_COU_1965  Reading section 29701
 2015-07-102015-07-10Central Library, BUET16Central Library, BUET660.284/COU/1965General Book2015-07-10   660_284000000000000_COU_1965  Circulation section 16716